| 000 | 00522nam a2200205Ia 4500 | ||
|---|---|---|---|
| 008 | 160319s9999 xx 000 0 und d | ||
| 020 | _a9717070288 | ||
| 050 | _a808 | ||
| 050 | _bL137l 1996 | ||
| 100 | _aLachica, Veneranda S. | ||
| 245 | _aLiteraturang Filipino / | ||
| 245 | _cVeneranda Santos Lachica. | ||
| 260 | _aPasig City : | ||
| 260 | _bAcademic Pub., | ||
| 260 | _c1996 | ||
| 300 | _axi, 282 p. ; | ||
| 300 | _c26 cm. | ||
| 650 | _aPhilippine literature -- | ||
| 650 | _xHistory and criticism. | ||
| 999 |
_c292167 _d292167 |
||